000 01854nam0a2200361 4500
001 RU\NLR\bibl\1829790
005 20250616164033.0
010 _a978-5-9624-0533-9
_9300
021 _aRU
_b2011-79902
_95692
035 _a(nilc)RSL-KNO-005038759
035 _a(NLR Aleph) 001820298
090 _a1996150
_c1996150
100 _a20111017d2011 |||y0rusy50 ca
101 0 _arus
102 _aRU
105 _aa |||||||||
200 1 _aСтруктура, основные свойства и особенности развития эмоциональной устойчивости
_e(на примере сотрудников правоохранительной сферы и студентов юридического факультета)
_eмонография
_fА.С. Хромова
_gМ-во образования и науки Рос. Федерации, Федер. гос. бюджет. образоват. учреждение высш. проф. образования "Иркут. гос. ун-т", Фил. ФГБОУ ВПО "ИГУ" в г. Братске
210 _aИркутск
_cИзд-во ИГУ
_d2011
215 _a189 с.
_cил.
_d21
320 _aБиблиогр.: с. 150-158 (148 назв.)
606 1 _aПравоохранительные органы
_xКадры
_xПсихологические исследования
_92579551
_3RU\NLR\auth\661525018
610 0 _aсотрудники правоохранительной сферы
686 _aЮ947.29-69с27,0
_2rubbk
686 _aЮ947.29
700 1 _aХромова
_bА. С.
_gАнтонина Сергеевна
_4070
801 0 _aRU
_bRuMoRKP
_c20111017
_grcr
801 1 _aRU
_bРГБ
_c20111017
801 2 _aRU
_bNLR
_c20111107
_grcr
830 _aАвт. по кн.
942 _cBOOK
980 _aNB
980 _aNBR